Normal view
MARC view
- Liff, Sally D.
Entry Personal Name
001 - CONTROL NUMBER
- control field: 22293
003 - CONTROL NUMBER IDENTIFIER
- control field: NUST
005 - DATE AND TIME OF LATEST TRANSACTION
- control field: 20191002100750.0
008 - FIXED-LENGTH DATA ELEMENTS
- fixed length control field: 191002|| aca||aabn | a|a d
040 ## - CATALOGING SOURCE
- Original cataloging agency: NUST
- Transcribing agency: NUST
100 ## - HEADING--PERSONAL NAME
- Personal name: Liff, Sally D.
- Fuller form of name: (Sally Diane)
670 ## - SOURCE DATA FOUND
- Source citation: Work cat.: (NUST)0: Spock, Linda M. 22290, Tolling practices for highway facilities /, 1998.
